000 00506cam a2200169 4500500
005 20260405000503.0
041 _afre
042 _adc
100 1 0 _aRoudinesco, Élisabeth
_eauthor
245 0 0 _aTourment d’amour
260 _c2007.
500 _a89
690 _aInfidélité
690 _aJalousie
786 0 _nPhilosophie magazine | 14 | 11 | 2007-11-01 | p. 3-3 | 1951-1787
856 4 1 _uhttps://shs.cairn.info/magazine-philosophie-magazine-2007-11-page-3?lang=fr&redirect-ssocas=7080
999 _c2037622
_d2037622